000 00705nas a2200241 4500
001 BR5800174
003 BR-BrBNA
005 20231205082016.0
007 ta
008 230509b bl.|||p| |||| 00| 00por d
040 _aBR-BrBNA
_bpor
_cBiblioteca Nacional de Agricultura
041 _a(Pt)
072 _aF60
100 1 _aMaestri, M.
100 1 _aVieira, C.
245 1 _aMovimento de estomatos em cafe, sob condicoes naturais [Coffea arabica]
650 _aCAFE
650 _aESTOMATO
650 _aTRANSPIRACAO VEGETAL
773 0 _tRevista Ceres (Brazil)
_xISSN 0034-737X
_g(Jul-Dec 1958), v. 10(59) p. 324-331
_wBR5800174
909 _a202311
_bLúcia
_c55
_dLúcia Elande
942 _2AGRIS
_n0
_cANA
999 _c88507
_d88507